• 首页
  • 本馆介绍
  • 公告通知
  • 最新文献
  • 馆藏检索
  • 电子资源
  • 读者导购
  • 参考咨询
  • 我的图书馆
  • 登录
  • 详细信息显示
  • 放入我的书架
  • 预约/预借图书
  • 作者相关作品
  • 分类相关作品
  • 丛书相关作品
  • 出版社相关作品

书目信息

  • 表格格式
  • 工作单格式
  • 卡片格式
书名: A Man's Country?
作者: JOCK PHILLIPS.
分册号:
分册名:
出版地: HARMONDSWORTH :
 
出版社: penguin books Ltd
出版时间: 1987.
页数: 321 p. ;
开本: 20cm.
丛书名:
中图分类号:
科图分类号:
其他分类号: K612
主题词:
电子资源:
000 00388nam 2200133 a 4500
001 E0737134727
005 20070415104429.00
008 070415s1987 00010 eng
040    @aPFT@beng
090    @aK612
099    @dK612@ex1
245    @aA Man's Country?@6the image of the Pakeha Male-A History / @cJOCK PHILLIPS.
260    @aHARMONDSWORTH :@bpenguin books Ltd.,@c1987.
300    @a321 p. ;@c20cm.
    
    A Man's Country? / JOCK PHILLIPS.-HARMONDSWORTH : : penguin books Ltd., , 1987.
    321 p. ; ; 20cm.
    
    
    ISBN
    
●
相关链接 在E读中查询图书 在五车中查询图书 在当当中查询图书 在豆瓣中查询图书


正题名:A Man's Country?     索取号:K612/x1         预约/预借

序号 登录号 条形码 馆藏地/架位号 状态 备注
1 0003953   300039535   第二样本阅览室/ [索取号:K612/x1] 在馆    
唐山师范学院图书馆 欢迎您!
大连网信软件有限公司© 版权所有